Ouverture (Suite) no. 4, D major : Score /

Bibliographic Details
Main Author: Bach, Johann Sebastian, 1685-1750
Other Authors: Soldan, Kurt, 1891-1946, Landshoff, Ludwig, 1874-1941
Format: Musical Score Book
Published: New York, N.Y. : Broude Bros., [1944?]
Series:Bach cantata series.
Subjects:

MARC

Tag First Indicator Second Indicator Subfields
LEADER 00000ccm a2200000ua 4500
001 in00001240407
005 20151003072243.0
008 850122s1944 nyusua n N/A d
028 2 2 |a 201  |b Broude Bros. 
035 |a (OCoLC)17716160 
035 |9 AGT6125AM 
040 |a YUU  |c YUU  |d TXA  |d UtOrBLW 
041 0 |g eng 
045 |a u8u5 
048 |a oa 
049 |a TXAM 
090 |a M1003.B16  |b BWV 1069 1944 
100 1 |a Bach, Johann Sebastian,  |d 1685-1750. 
240 1 0 |a Suites,  |m orchestra,  |n BWV 1069,  |r D major 
245 1 0 |a Ouverture (Suite) no. 4, D major :  |b Score /  |c Joh. Seb. Bach. 
264 1 |a New York, N.Y. :  |b Broude Bros.,  |c [1944?] 
300 |a 1 score (28 pages) ;  |c 28 cm. 
336 |a notated music  |b ntm  |2 rdacontent 
337 |a unmediated  |b n  |2 rdamedia 
338 |a volume  |b nc  |2 rdacarrier 
490 1 |a Bach cantata series 
500 |a Realization of the continuo by Ludwig Landshoff. 
500 |a Edited from manuscript copies in the Prussian State Library. 
500 |a Preface by Kurt Soldan. 
650 0 |a Suites (Orchestra)  |v Scores. 
700 1 |a Soldan, Kurt,  |d 1891-1946. 
700 1 |a Landshoff, Ludwig,  |d 1874-1941. 
830 0 |a Bach cantata series. 
999 |a MARS 
999 f f |s d0242b98-ee9f-39d3-a77d-0fc2f9ade320  |i a628b1c1-b619-3d06-9aea-9753e408bb47  |t 0 
952 f f |p ric  |a Texas A&M University  |b Rellis Campus  |c Joint Library Facility  |d Remote Storage  |t 0  |e M1003.B16 BWV 1069 1944  |h Library of Congress classification  |i unmediated -- volume  |m A14819714605 
998 f f |a M1003.B16 BWV 1069 1944  |t 0  |l Remote Storage